1932 1812 1541 1343 1182 1580 1351 1014 1255 1330 1325 1945 1989 1256 2000 1393 1624 1207 1093 1550 1135 1628 1297 1288 1054 1932 1179 1712 1189 1253 1609 1119 1852 1397 1878 1220 1077 1500 1490 1928 1407 1923 1736 1754 1603 1113 1654 1444 1559 1451 1788 1449 1520 1240 1738 1553 1026 1731 1111 1687 1493 1927 1031 1654 1211 1027 1777 1866 1426 1305 1272 1309 1335 1060 1525 1160 1546 1165 1457 1168 1924 1669 1673 1996 1639 1263 1159 1209 1612 1941 1015 1155 1188 1140 1139 1314 1505 1763 1518 BCNSPRNW ULIB Ver.6.0+V

เปลี่ยนเป็นภาษาไทย

Change to English
 แสดงรายละเอียดบรรณานุกรม
  กลับหน้าหลัก

Brief Record : Get Marc (ISO 2709) : E-mail record : QR code < ปิดหน้าต่าง
LEADER : 00000nam 2200000uu 4500
001    13399124562
003     ULIB
008    150922s2558||||th 000 0 tha d
020    ^a9786167388779
060  4 ^aQV4^bน695ต
100 0  ^aนิสามณี สัตยาบัน
245 00 ^aตำราเรียนลัดเภสัชวิทยา=^bFast track in pharmacology /^cบรรณาธิการ,นิสามณี สัตยาบัน...[และคนอื่นๆ]
250    ^aพิมพ์ครั้งที่ 1
260    ^aกรุงเทพฯ :^bโครงการตำราวิทยาลัยแพทยศาสตร์พระมงกุฎเกล้า,^c2558.
300    ^a278 หน้า :^bภาพประกอบ ;^c26 ซม.
650  4 ^aPharmacology
700 0  ^aสุภัททา เต็มบุญเกียรติ,^eบรรณาธิการ
700 0  ^aเจนยุทธ ไชยสกกุล,^eบรรณาธิการ
700 0  ^aจีรานุช ตันคณิตเลิศ,^eบรรณาธิการ
700 0  ^aศราวุธ จินดารัตน์,^eบรรณาธิการ
700 0  ^aอนุพงษ์ กันธิวงศ์,^eบรรณาธิการ
710 2  ^aโครงการตำราวิทยาลัยแพทศาสตร์พระมงกฎเกล้า
945    ^p380^l0^i039856
945    ^p380^l0^i039855
945    ^p380^l0^i039854
999    ^aทศพร
รายการนี้ยังไม่มีแท็ก
คุณยังไม่ได้ล็อกอิน คุณสามารถมีกิจกรรมร่วมกับเว็บไซต์ได้ แต่ต้องล็อกอินก่อน ::
  ล็อกอิน

รายการสื่อสารสนเทศ

ลำดับที่ ประเภท เลขเรียก/บาร์โค้ด สถานที่ สถานะ
1. วิทยาศาสตร์การแพทย์ และสุขภาพ
วิทยาศาสตร์การแพทย์ และสุขภาพ
สถานะ=หนังสือเก่า
QV4 น695ต ฉ.1 
  Barcode: 039854
ห้องสมุดวิทยาเขตสวรรค์ประชารักษ์
►ส่วนจัดเก็บหนังสือเก่า สปร
บนชั้น
  ขอยืม
2. วิทยาศาสตร์การแพทย์ และสุขภาพ
วิทยาศาสตร์การแพทย์ และสุขภาพ
สถานะ=หนังสือเก่า
QV4 น695ต ฉ.2 
  Barcode: 039855
ห้องสมุดวิทยาเขตสวรรค์ประชารักษ์
►ส่วนจัดเก็บหนังสือเก่า สปร
บนชั้น
  ขอยืม
3. วิทยาศาสตร์การแพทย์ และสุขภาพ
วิทยาศาสตร์การแพทย์ และสุขภาพ
สถานะ=หนังสือเก่า
QV4 น695ต ฉ.3 
  Barcode: 039856
ห้องสมุดวิทยาเขตสวรรค์ประชารักษ์
►ส่วนจัดเก็บหนังสือเก่า สปร
บนชั้น
  ขอยืม

รายการใกล้เคียง
    ผู้แต่ง [นิสามณี สัตยาบัน]

    หัวเรื่อง [Pharmacology]

BibComment


ยังไม่เคยถูกคอมเมนท์

คอมเมนท์ทรัพยากรรายการนี้
  คอมเมนท์: ตำราเรียนลัดเภสั..


 Copyright 2026. Bcnsprnw @Library